Normal view
MARC view
- ذكريات من بيت الموتى-دوستويفسكي
Entry Topical Term
001 - CONTROL NUMBER
- control field: 9997
003 - CONTROL NUMBER IDENTIFIER
- control field: JO-AjAnu
005 - DATE AND TIME OF LATEST TRANSACTION
- control field: 20230606071915.0
008 - FIXED-LENGTH DATA ELEMENTS
- fixed length control field: 230606|| aca||aabn | a|a d
040 ## - CATALOGING SOURCE
- Original cataloging agency: JO-AjAnu
- Transcribing agency: JO-AjAnu
150 ## - HEADING--TOPICAL TERM
- Topical term or geographic name entry element: ذكريات من بيت الموتى-دوستويفسكي
670 ## - SOURCE DATA FOUND
- Source citation: Work cat.: (JO-AjAnu)5152: تأليف دوستويفسكي;مترجم محمد باكير, author 9996, ذكريات من بيت الموتى